El sermón del fresno (Record no. 185489)
[ view plain ]
| 000 -LEADER | |
|---|---|
| campo de control de longitud fija | 00714nam a2200229 i 4500 |
| 001 - NÚMERO DE CONTROL | |
| campo de control | 185489 |
| 003 - IDENTIFICADOR DE NÚMERO DE CONTROL | |
| campo de control | SpMaBN |
| 005 - FECHA Y HORA DE LA ÚLTIMA TRANSACCIÓN | |
| campo de control | 20240228063038.0 |
| 008 - DATOS DE LONGITUD FIJA--INFORMACIÓN GENERAL | |
| campo de control de longitud fija | 160613s1995 sp |||| | spa d |
| 020 ## - NÚMERO INTERNACIONAL ESTÁNDAR DEL LIBRO | |
| Número Internacional Estándar del Libro | 84-7681-185-3 |
| 080 ## - NÚMERO DE LA CLASIFICACIÓN DECIMAL UNIVERSAL | |
| Número de la Clasificación Decimal Universal | 821.134.2-14"19" |
| 100 1# - ENTRADA PRINCIPAL--NOMBRE DE PERSONA | |
| Nombre de persona | Velasco, Miguel Ángel, |
| Fechas asociadas al nombre | 1963-2010 |
| 9 (RLIN) | 113736 |
| 245 13 - MENCIÓN DEL TÍTULO | |
| Título | El sermón del fresno |
| Resto del título | ; Después / |
| Mención de responsabilidad, etc. | Miguel Ángel Velasco. |
| 246 30 - FORMA VARIANTE DEL TITULO | |
| Título propio/Titulo breve | Después |
| 250 ## - MENCION DE EDICION | |
| Mención de edición | 1ª ed. |
| Resto de la mención de edición | 800 ejemp. |
| 260 ## - PUBLICACIÓN, DISTRIBUCIÓN, ETC. | |
| Lugar de publicación, distribución, etc. | Pamplona : |
| Nombre del editor, distribuidor, etc. | Pamiela, |
| Fecha de publicación, distribución, etc. | 1995. |
| 300 ## - DESCRIPCIÓN FÍSICA | |
| Extensión | 98 p. ; |
| Dimensiones | 19 cm. |
| 490 1# - MENCIÓN DE SERIE | |
| Mención de serie | La sirena poesía ; |
| Designación de volumen o secuencia | 35 |
| 830 0# - PUNTO DE ACCESO ADICIONAL DE SERIE-TÍTULO UNIFORME | |
| Título uniforme | La sirena poesía ; |
| Designación de volumen o secuencia | 35 |
| 9 (RLIN) | 192335 |
| 852 ## - LOCALIZACIÓN | |
| Ubicación | ES-MaACL |
| Número de control de estantería | L-30377 |
| Nota libre | . - Donat. Miguel A. Velasco |
| Estatus retirado | Estado de pérdida | Estado de daño | No para préstamo | Biblioteca de origen | Biblioteca actual | Ubicación en estantería | Fecha de adquisición | Fuente de adquisición | Total de préstamos | Signatura topográfica completa | Código de barras | Visto por última vez | Precio de reemplazo | Tipo de ítem Koha |
|---|---|---|---|---|---|---|---|---|---|---|---|---|---|---|
| Biblioteca del Ateneo de Madrid | Biblioteca del Ateneo de Madrid | Depósito 2 | 13/06/2016 | L-30377 | 1195430 | 23/02/2023 | 23/02/2023 | Libro impreso |
